[Event "Open"]
[Site "Ischia ITA"]
[Date "1994.??.??"]
[Round "?"]
[White "Sacchini, Michele"]
[Black "Baccaro, Franco"]
[Result "0-1"]
[WhiteElo "2075"]
[BlackElo "1914"]
[PlyCount "72"]
[EventDate "1994.??.??"]

1. d4 d5 2. c4 c6 3. Nf3 Nf6 4. Nc3 dxc4 5. e3 b5 6. a4 b4 7. Na2 e6 8. Bxc4
Be7 9. O-O O-O 10. Qe2 a5 11. e4 Ba6 12. Bxa6 Nxa6 13. Rd1 Qb6 14. Bg5 c5 15.
Rac1 Rfd8 16. e5 Nd5 17. Qe4 h6 18. Bxe7 Nxe7 19. g4 Rd5 20. g5 h5 21. Rc4 Rad8
22. Nc1 cxd4 23. Nd3 g6 24. b3 Nc5 25. Nxc5 Rxc5 26. Rxc5 Qxc5 27. Rxd4 Qc1+
28. Kg2 Rc8 29. Qd3 Nd5 30. Qd2 Qb1 31. Rxd5 exd5 32. Qxd5 Qf5 33. h3 Rc3 34.
Qa8+ Kh7 35. Qb7 Rxb3 36. Nd4 Qxh3+ 0-1

[Event "Open"]
[Site "Ischia ITA"]
[Date "1994.??.??"]
[Round "?"]
[White "Sadler, Matthew D."]
[Black "Auletta, Angelo"]
[Result "1-0"]
[WhiteElo "2560"]
[BlackElo "2210"]
[PlyCount "55"]
[EventDate "1994.??.??"]

1. d4 Nf6 2. c4 g6 3. Nc3 Bg7 4. e4 d6 5. f3 O-O 6. Bg5 Nc6 7. Nge2 a6 8. Qd2
Rb8 9. Rc1 Bd7 10. b3 b5 11. d5 b4 12. Nd1 Ne5 13. Ng3 Bc8 14. Be2 Ned7 15. Nf2
Nc5 16. Bh6 e5 17. h4 Bh8 18. h5 Re8 19. Nd3 Nxd3+ 20. Bxd3 Nd7 21. Ke2 Nc5 22.
Rh2 Bf6 23. Be3 Bh4 24. hxg6 hxg6 25. Rch1 Bf6 26. Rh7 Nd7 27. Ba7 Nf8 28. Qh6
1-0

[Event "Open"]
[Site "Ischia ITA"]
[Date "1994.??.??"]
[Round "?"]
[White "Sadler, Matthew D."]
[Black "Galdunts, Sergey"]
[Result "1-0"]
[WhiteElo "2560"]
[BlackElo "2420"]
[PlyCount "99"]
[EventDate "1994.??.??"]

1. d4 f5 2. Nf3 Nf6 3. g3 g6 4. Bg2 Bg7 5. O-O O-O 6. b3 Ng4 7. Bb2 Nc6 8. c4
d6 9. h3 Nh6 10. Nc3 e5 11. dxe5 dxe5 12. Qxd8 Rxd8 13. Nb5 Rd7 14. Rad1 Nf7
15. Rxd7 Bxd7 16. Rd1 Rd8 17. Nxc7 e4 18. Bxg7 Kxg7 19. Nd4 Nxd4 20. Rxd4 Kf6
21. f3 Bc6 22. Rxd8 Nxd8 23. Kf2 Ke5 24. fxe4 fxe4 25. Ke3 Nf7 26. h4 a6 27.
Bh3 Nd6 28. Bg4 h6 29. Bh3 a5 30. Na8 b5 31. Nb6 b4 32. c5 Nb7 33. Bd7 Nd8 34.
g4 Bxd7 35. Nxd7+ Kd5 36. Nf6+ Kxc5 37. Kxe4 Nf7 38. Ng8 Kd6 39. h5 Ng5+ 40.
Ke3 gxh5 41. gxh5 Nf7 42. Kd4 Ke6 43. Kc5 Nd6 44. Nxh6 Ne4+ 45. Kb5 Nc3+ 46.
Kxa5 Nxa2 47. Ng4 Nc3 48. h6 Kf7 49. Kxb4 Na2+ 50. Kc4 1-0

[Event "Open"]
[Site "Ischia ITA"]
[Date "1994.??.??"]
[Round "?"]
[White "Sadler, Matthew D."]
[Black "Maiwald, Jens-Uwe"]
[Result "1-0"]
[WhiteElo "2560"]
[BlackElo "2490"]
[PlyCount "53"]
[EventDate "1994.??.??"]

1. d4 d6 2. c4 e5 3. Nf3 e4 4. Ng5 f5 5. Nc3 Be7 6. Nh3 c6 7. e3 Na6 8. Be2 Nf6
9. O-O O-O 10. f3 Nc7 11. Qb3 Rb8 12. Bd2 Kh8 13. Rac1 a6 14. Qc2 exf3 15. Bxf3
Be6 16. Qd3 Qd7 17. d5 cxd5 18. Nxd5 Ncxd5 19. cxd5 Bg8 20. Nf4 g5 21. Ne6 Bxe6
22. dxe6 Qxe6 23. Bc3 Rfc8 24. Bd1 Rc5 25. Bb3 Qc8 26. Bxf6+ Bxf6 27. Qxd6 1-0

[Event "Open"]
[Site "Ischia ITA"]
[Date "1994.??.??"]
[Round "?"]
[White "Samaritani, Fabio"]
[Black "Stodola, Jaroslav"]
[Result "1-0"]
[WhiteElo "2265"]
[BlackElo "2205"]
[PlyCount "65"]
[EventDate "1994.??.??"]

1. e4 c5 2. Nc3 Nc6 3. g3 g6 4. Bg2 Bg7 5. d3 d6 6. Be3 e5 7. Qd2 Nd4 8. Nd1
Ne7 9. c3 Ndc6 10. Bh6 O-O 11. h4 Bxh6 12. Qxh6 f6 13. Nh3 b5 14. f4 Kh8 15.
fxe5 dxe5 16. Qd2 Be6 17. Ne3 Qd7 18. Nf2 Rad8 19. Qe2 a5 20. O-O Rf7 21. Kh2
f5 22. exf5 gxf5 23. Qh5 f4 24. Ne4 Nf5 25. Nxf5 Rxf5 26. Qh6 Rg8 27. Nxc5 Qe7
28. Qxe6 fxg3+ 29. Kh3 Qg7 30. Qxf5 Ne7 31. Qf6 Ng6 32. Qxg7+ Kxg7 33. Ne6+ 1-0

[Event "Open"]
[Site "Ischia ITA"]
[Date "1994.??.??"]
[Round "?"]
[White "Samaritani, Fabio"]
[Black "Vujovic, Predrag"]
[Result "1-0"]
[WhiteElo "2265"]
[BlackElo "2225"]
[PlyCount "87"]
[EventDate "1994.??.??"]

1. e4 c5 2. Nf3 d6 3. Nc3 a6 4. Be2 b5 5. d4 cxd4 6. Nxd4 Bb7 7. Bf3 Nd7 8. a4
b4 9. Nd5 a5 10. O-O e6 11. Ne3 Ngf6 12. Nc4 Ne5 13. Nxe5 dxe5 14. Nb5 Qxd1 15.
Rxd1 Rc8 16. Bg5 Be7 17. Bxf6 gxf6 18. Rac1 Bc5 19. Nd6+ Bxd6 20. Rxd6 Ke7 21.
Rcd1 Bc6 22. b3 Rhg8 23. Kf1 f5 24. exf5 e4 25. Bh5 Rg5 26. g4 exf5 27. h4 Rxh5
28. gxh5 f6 29. f4 exf3 30. R1d2 h6 31. R6d4 Be4 32. Rc4 Rg8 33. Rc7+ Ke6 34.
Rh7 Rg4 35. Rh2 Rg2 36. Rxg2 fxg2+ 37. Kf2 Bxc2 38. Rxh6 Bxb3 39. Rg6 Bc2 40.
h6 g1=Q+ 41. Rxg1 f4 42. Rg7 b3 43. Rb7 Kd6 44. Rxb3 1-0

[Event "Open"]
[Site "Ischia ITA"]
[Date "1994.??.??"]
[Round "?"]
[White "Samaritani, Fabio"]
[Black "Zedek, Alois"]
[Result "1/2-1/2"]
[WhiteElo "2265"]
[BlackElo "2275"]
[PlyCount "32"]
[EventDate "1994.??.??"]

1. e4 c5 2. Nf3 Nc6 3. Bb5 e6 4. O-O Nge7 5. c3 a6 6. Ba4 b5 7. Bc2 d5 8. exd5
Qxd5 9. Re1 Bb7 10. d4 Ng6 11. a4 Be7 12. axb5 axb5 13. Rxa8+ Bxa8 14. dxc5
Qxd1 15. Rxd1 Bxc5 16. b4 Bb6 1/2-1/2

[Event "Open"]
[Site "Ischia ITA"]
[Date "1994.??.??"]
[Round "?"]
[White "Stodola, Jaroslav"]
[Black "Auletta, Angelo"]
[Result "1-0"]
[WhiteElo "2205"]
[BlackElo "2210"]
[PlyCount "43"]
[EventDate "1994.??.??"]

1. e4 c5 2. Nf3 e6 3. d4 cxd4 4. Nxd4 Nf6 5. Nc3 d6 6. g4 Nc6 7. g5 Nd7 8. Ndb5
Nb6 9. Bf4 Ne5 10. Qh5 Ng6 11. Be3 a6 12. Nd4 d5 13. exd5 Nxd5 14. Nxd5 Qxd5
15. Rg1 e5 16. Nb3 Bf5 17. Rd1 Qc6 18. c3 Be4 19. Na5 Qc7 20. Qg4 Bc2 21. Rd2
Ba4 22. Qxa4+ 1-0

[Event "Open"]
[Site "Ischia ITA"]
[Date "1994.??.??"]
[Round "?"]
[White "Stodola, Jaroslav"]
[Black "Gabriel, Christian"]
[Result "0-1"]
[WhiteElo "2205"]
[BlackElo "2530"]
[PlyCount "44"]
[EventDate "1994.??.??"]

1. e4 c5 2. Nf3 d6 3. Bb5+ Nd7 4. O-O Ngf6 5. Re1 e6 6. c3 Be7 7. d4 O-O 8. e5
Nd5 9. Nbd2 cxd4 10. cxd4 dxe5 11. dxe5 Nc5 12. Ne4 Qb6 13. Bc4 Rd8 14. Bd2 Bd7
15. b4 Nxe4 16. Rxe4 Bc6 17. Qe2 Nxb4 18. Rb1 Bxe4 19. Qxe4 Qc6 20. Qxc6 bxc6
21. Kf1 Rab8 22. Be3 Nd5 0-1

[Event "Open"]
[Site "Ischia ITA"]
[Date "1994.??.??"]
[Round "?"]
[White "Tassi, Oliviero"]
[Black "Manouck, Thierry"]
[Result "0-1"]
[WhiteElo "2320"]
[BlackElo "2290"]
[PlyCount "70"]
[EventDate "1994.??.??"]

1. c4 e5 2. Nc3 d6 3. g3 f5 4. Bg2 Nf6 5. d3 c6 6. e4 Be7 7. Nge2 O-O 8. O-O a5
9. f4 fxe4 10. Nxe4 Nxe4 11. dxe4 Be6 12. Qd3 Na6 13. Be3 Bf7 14. b3 a4 15.
Rad1 Qa5 16. Rd2 Nc5 17. Qb1 axb3 18. axb3 Qb4 19. Bxc5 Qxc5+ 20. Kh1 Ra3 21.
Qc2 Rfa8 22. Nc1 exf4 23. gxf4 Qh5 24. Re2 Qh6 25. Qd2 R3a5 26. Bf3 Bf8 27. Rg2
Qf6 28. Rgf2 Kh8 29. e5 Qh6 30. Qc3 Bg6 31. f5 Be8 32. f6 Rxe5 33. Bg4 Bg6 34.
Rf4 gxf6 35. c5 Rxc5 0-1

[Event "Open"]
[Site "Ischia ITA"]
[Date "1994.??.??"]
[Round "?"]
[White "Ventura, Boris"]
[Black "Delizia, Costantino"]
[WhiteElo "2020"]
[BlackElo "2007"]
[Result "1-0"]
[PlyCount "87"]
[EventDate "1994.??.??"]

1. e4 e6 2. d4 d5 3. Nc3 Bb4 4. e5 c5 5. a3 Bxc3+ 6. bxc3 Ne7 7. Qg4 Qc7 8.
Qxg7 Rg8 9. Qxh7 cxd4 10. Ne2 Nbc6 11. f4 Bd7 12. Qd3 dxc3 13. Nxc3 a6 14. Rb1
Nf5 15. g4 Rxg4 16. Bh3 Nxe5 17. fxe5 Rd4 18. Qf3 Qxe5+ 19. Ne2 Re4 20. Bxf5
exf5 21. Bf4 Qf6 22. Rg1 O-O-O 23. Bg5 Qd4 24. Kf1 Rxe2 25. Qxe2 Re8 26. Qd3
Qc5 27. Bf4 d4 28. Rb4 Bb5 29. Rxb5 axb5 30. Rg5 Re6 31. Qxf5 Qxf5 32. Rxf5 Rc6
33. Rxf7 Rxc2 34. Rc7+ Rxc7 35. Bxc7 Kxc7 36. Ke2 Kb6 37. Kd3 Ka5 38. h4 Ka4
39. h5 Kxa3 40. h6 b4 41. h7 b3 42. h8=Q b2 43. Kc2 d3+ 44. Kb1 1-0

[Event "Open"]
[Site "Ischia ITA"]
[Date "1994.??.??"]
[Round "?"]
[White "Ventura, Boris"]
[Black "Goh, Yoon-Wah"]
[Result "1-0"]
[WhiteElo "2020"]
[BlackElo "2225"]
[PlyCount "85"]
[EventDate "1994.??.??"]

1. e4 c5 2. Nf3 Nc6 3. d4 cxd4 4. Nxd4 Nf6 5. Nc3 g6 6. Be3 Bg7 7. Bc4 O-O 8.
Bb3 a5 9. a4 d5 10. exd5 Nb4 11. Ndb5 Bf5 12. O-O Rc8 13. Bd4 Qd7 14. f3 h5 15.
Qd2 Kh7 16. Be3 Rfe8 17. Rad1 Kg8 18. Bb6 Na6 19. Bxa5 Nc5 20. Bb6 Nxb3 21.
cxb3 Rf8 22. Nd4 Qd6 23. Nxf5 Qxb6+ 24. Qd4 Qxd4+ 25. Nxd4 Nd7 26. Rfe1 Rfe8
27. Ndb5 Nc5 28. b4 Na6 29. d6 exd6 30. Rxe8+ Rxe8 31. Nxd6 Re7 32. b5 Nc5 33.
b4 Nb3 34. Nd5 Re2 35. Nxb7 Bd4+ 36. Kh1 Kf8 37. h3 g5 38. a5 Nd2 39. a6 h4 40.
Nc5 Rf2 41. a7 Nf1 42. a8=Q+ Kg7 43. Ne4 1-0

[Event "Open"]
[Site "Ischia ITA"]
[Date "1994.??.??"]
[Round "?"]
[White "Ventura, Boris"]
[Black "Ortega, Lexy"]
[WhiteElo "2020"]
[BlackElo "2440"]
[Result "0-1"]
[PlyCount "101"]
[EventDate "1994.??.??"]

1. e4 c5 2. Nf3 d6 3. d4 cxd4 4. Nxd4 Nf6 5. Nc3 a6 6. Bg5 e6 7. f4 Nbd7 8. Qf3
Qc7 9. O-O-O b5 10. Bd3 Bb7 11. Rhe1 O-O-O 12. Qe2 b4 13. Na4 Qa5 14. b3 Nc5
15. Bxf6 gxf6 16. Kb1 Nxa4 17. bxa4 h5 18. Bc4 Qxa4 19. f5 e5 20. Nb3 Rd7 21.
Bd5 Qb5 22. Bxb7+ Rxb7 23. Rd5 Qxe2 24. Rxe2 Rb5 25. Rxb5 axb5 26. Nc1 Rg8 27.
Nd3 d5 28. exd5 Rg4 29. Kb2 Kd7 30. c3 bxc3+ 31. Kxc3 Rc4+ 32. Kb3 Rd4 33. Nf2
Rxd5 34. Ne4 Be7 35. a4 b4 36. Rd2 Kc6 37. Kc4 Ra5 38. Kb3 Ra8 39. g3 Ra7 40.
Nf2 Ra6 41. Rc2+ Kb7 42. Rc4 Kb6 43. Nd3 Ka5 44. Rc7 Bd6 45. Rb7 Rc6 46. Rb5+
Ka6 47. Rxb4 Rc8 48. Rh4 Ka5 49. Nb2 Rb8+ 50. Kc2 Bb4 51. Rxh5 0-1

[Event "Open"]
[Site "Ischia ITA"]
[Date "1994.??.??"]
[Round "?"]
[White "Viaggi, Giovanni"]
[Black "Ambrosio, Giuseppe"]
[WhiteElo "1995"]
[BlackElo "1908"]
[Result "1/2-1/2"]
[PlyCount "90"]
[EventDate "1994.??.??"]

1. e4 c5 2. Nf3 Nc6 3. d4 cxd4 4. Nxd4 Nf6 5. Nc3 d6 6. Be3 e5 7. Nb3 Be7 8. f3
Be6 9. Nd5 Bxd5 10. exd5 Nb8 11. Bd3 Nbd7 12. c4 O-O 13. O-O b6 14. Nd2 Ne8 15.
f4 Rc8 16. Rc1 exf4 17. Bxf4 g6 18. Bh6 Ng7 19. Nf3 Bf6 20. b3 Ne5 21. Bb1
Nxf3+ 22. Qxf3 Be5 23. Be3 f5 24. a4 Qe7 25. b4 Rfe8 26. Bf2 Qd7 27. Qb3 Nh5
28. c5 dxc5 29. bxc5 bxc5 30. Rxc5 Bd6 31. Rc6 Nf6 32. Bd3 Ne4 33. Bxe4 fxe4
34. Rfc1 Rcd8 35. a5 Qe7 36. Re1 Qe5 37. g3 Rf8 38. Qc4 Rf7 39. Qxe4 Qxe4 40.
Rxe4 Bb8 41. Rd4 Rfd7 42. a6 Kf7 43. Kg2 Rxd5 44. Rxd5 Rxd5 45. Bxa7 Bxa7
1/2-1/2

[Event "Open"]
[Site "Ischia ITA"]
[Date "1994.??.??"]
[Round "?"]
[White "Viaggi, Giovanni"]
[Black "Della Ragione, Achille"]
[WhiteElo "1995"]
[BlackElo "1938"]
[Result "0-1"]
[PlyCount "100"]
[EventDate "1994.??.??"]

1. e4 d5 2. exd5 Nf6 3. Nc3 Nxd5 4. Bc4 e6 5. Nf3 Be7 6. d4 O-O 7. O-O Nxc3 8.
bxc3 b6 9. Ne5 Bb7 10. Qh5 Nd7 11. f4 Nf6 12. Qh3 c5 13. Be3 Nd5 14. Bd2 g6 15.
Rae1 Qc7 16. f5 exf5 17. Rxf5 Bf6 18. Bxd5 gxf5 19. Qg3+ Kh8 20. Ng6+ hxg6 21.
Qxc7 Bxd5 22. Qd6 Be6 23. dxc5 Rfd8 24. Qf4 g5 25. Qf2 bxc5 26. a4 Kg7 27. Rb1
Rd7 28. Qe1 Rad8 29. Be3 Rd5 30. Qg3 Kg6 31. h4 g4 32. Qf4 Rh8 33. g3 Rh5 34.
Rb5 Be5 35. Qf1 Bxg3 36. Rxc5 Rxh4 37. Rxd5 Bxd5 38. Qa6+ f6 39. Kf1 Rh1+ 40.
Ke2 Bf3+ 41. Kd3 Rd1+ 42. Bd2 Bf4 43. Qxa7 Rxd2+ 44. Kc4 Bd6 45. Qd7 Bd5+ 46.
Kb5 Be5 47. Kb4 Rd1 48. c4 Bf3 49. Qd8 Kg5 50. Qg8+ Kf4 0-1

[Event "Open"]
[Site "Ischia ITA"]
[Date "1994.??.??"]
[Round "?"]
[White "Viaggi, Giovanni"]
[Black "Jurek, Josef"]
[Result "0-1"]
[WhiteElo "1995"]
[BlackElo "2280"]
[PlyCount "80"]
[EventDate "1994.??.??"]

1. e4 e6 2. d4 d5 3. Nc3 Bb4 4. e5 b6 5. Bb5+ c6 6. Bd3 Ba6 7. Nge2 Qd7 8. O-O
c5 9. Bxa6 Nxa6 10. a3 Bxc3 11. Nxc3 Ne7 12. dxc5 Nxc5 13. a4 O-O 14. b4 Nb7
15. f4 a5 16. bxa5 Rxa5 17. Ba3 Rc8 18. Rf3 Rc4 19. Rb1 Nc5 20. Kh1 Qc6 21. Bb4
Ra8 22. Ba3 Nf5 23. Bxc5 Qxc5 24. Rb5 Qd4 25. Qe1 Rac8 26. Rb3 Qc5 27. Ne2 d4
28. c3 Qd5 29. cxd4 Nxd4 30. Rfd3 Qe4 31. Re3 Nxb3 32. Rxe4 Rxe4 33. Qg3 Rxe2
34. h4 Nd4 35. h5 Rc1+ 36. Kh2 Rcc2 37. Qd3 Rxg2+ 38. Kh1 Rh2+ 39. Kg1 Rcg2+
40. Kf1 Rf2+ 0-1

[Event "Open"]
[Site "Ischia ITA"]
[Date "1994.??.??"]
[Round "?"]
[White "Viaggi, Giovanni"]
[Black "Tassi, Oliviero"]
[Result "1-0"]
[WhiteElo "1995"]
[BlackElo "2320"]
[PlyCount "68"]
[EventDate "1994.??.??"]

1. e4 c5 2. Nf3 e6 3. d4 cxd4 4. Nxd4 Nf6 5. Nc3 d6 6. Be3 Nc6 7. Qd2 Be7 8. f3
O-O 9. O-O-O Nxd4 10. Bxd4 a6 11. Kb1 Nd7 12. g4 b5 13. Qf2 Qa5 14. h4 b4 15.
Ne2 Bb7 16. Ng3 Rfd8 17. g5 d5 18. e5 Nc5 19. h5 Na4 20. g6 h6 21. Ne2 Rac8 22.
gxf7+ Kxf7 23. Qe3 Rc6 24. Nc1 Rdc8 25. Bd3 Qc7 26. Rh2 Nc5 27. Bg6+ Kg8 28.
Rg2 Kh8 29. Rdg1 Rf8 30. Be8 Bg5 31. Rxg5 Rxe8 32. Rxg7 Qxg7 33. Rxg7 Kxg7 34.
Bxc5 Rec8 1-0

[Event "Open"]
[Site "Ischia ITA"]
[Date "1994.??.??"]
[Round "?"]
[White "Vujovic, Predrag"]
[Black "Stodola, Jaroslav"]
[Result "1-0"]
[WhiteElo "2225"]
[BlackElo "2205"]
[PlyCount "45"]
[EventDate "1994.??.??"]

1. e4 c5 2. Nf3 d6 3. h3 Nc6 4. c3 Nf6 5. d4 cxd4 6. cxd4 Nxe4 7. d5 Qa5+ 8.
Nc3 Nxc3 9. bxc3 Ne5 10. Nxe5 Qxc3+ 11. Bd2 Qxe5+ 12. Be2 Qxd5 13. O-O e5 14.
Rc1 Qe6 15. Rc7 Be7 16. Bc4 d5 17. Bxd5 Qxd5 18. Bb4 Qe6 19. Rxe7+ Qxe7 20.
Bxe7 Kxe7 21. Qd5 f6 22. Rd1 Bf5 23. Qxb7+ 1-0

[Event "Open"]
[Site "Ischia ITA"]
[Date "1994.??.??"]
[Round "?"]
[White "Zedek, Alois"]
[Black "Jurek, Josef"]
[Result "0-1"]
[WhiteElo "2275"]
[BlackElo "2280"]
[PlyCount "68"]
[EventDate "1994.??.??"]

1. c4 Nf6 2. Nf3 b6 3. g3 c5 4. Bg2 Bb7 5. O-O e6 6. Nc3 Be7 7. d4 cxd4 8. Qxd4
d6 9. b3 Nbd7 10. Bb2 a6 11. e4 Qc7 12. Ne1 O-O 13. h3 Rac8 14. Nd3 Rfd8 15.
Rad1 Ne5 16. Kh2 Neg4+ 17. hxg4 e5 18. Nb5 axb5 19. Qc3 bxc4 20. bxc4 Qxc4 21.
Qxc4 Rxc4 22. f3 Ba6 23. Rf2 Ra4 24. Nc1 Rc8 25. Bf1 Bxf1 26. Rdxf1 Nd7 27. Rd1
Rac4 28. Nd3 Bg5 29. f4 Bf6 30. Re1 h6 31. Kg2 Ra4 32. Nc1 Rcc4 33. Kf3 exf4
34. gxf4 Bh4 0-1

[Event "Open"]
[Site "Ischia ITA"]
[Date "1994.??.??"]
[Round "?"]
[White "Zedek, Alois"]
[Black "Sadler, Matthew D."]
[Result "0-1"]
[WhiteElo "2275"]
[BlackElo "2560"]
[PlyCount "66"]
[EventDate "1994.??.??"]

1. c4 e5 2. Nc3 Nc6 3. e3 Nf6 4. d4 Bb4 5. dxe5 Nxe5 6. Bd2 c6 7. Be2 d6 8. Nf3
O-O 9. O-O Ba5 10. Qc2 Bc7 11. Nxe5 dxe5 12. e4 Bb6 13. Bg5 h6 14. Bh4 Be6 15.
Kh1 g5 16. Bg3 Bd4 17. Rad1 Nd7 18. Nb1 Qb6 19. b3 Nc5 20. f4 exf4 21. Bxf4
gxf4 22. Rxd4 Nxb3 23. Rd3 Nd4 24. Qd2 Nxe2 25. Qxe2 Rad8 26. Rb3 Qd4 27. Rxb7
Bxc4 28. Qg4+ Kh8 29. Re1 Qf2 30. Rg1 Rg8 31. Qh5 Rg6 32. Nc3 Bf1 33. g3 f3 0-1

[Event "Festival"]
[Site "Oristano ITA"]
[Date "1994.08.??"]
[Round "?"]
[White "Nurkic, Sahbaz"]
[Black "Komarov, Dimitri"]
[Result "0-1"]
[WhiteElo "2415"]
[BlackElo "2565"]
[PlyCount "60"]
[EventDate "1994.08.06"]

1. e4 e6 2. d4 d5 3. Nd2 Nf6 4. e5 Nfd7 5. Bd3 c5 6. c3 Nc6 7. Ne2 cxd4 8. cxd4
f6 9. exf6 Nxf6 10. O-O Bd6 11. Nf3 O-O 12. Bg5 Bd7 13. Qb1 Qe8 14. Ng3 e5 15.
Nxe5 Nxe5 16. Re1 Nfg4 17. f4 Nxd3 18. Rxe8 Raxe8 19. Qxd3 h6 20. Qf3 Ne3 21.
Re1 Bg4 22. Qf2 Nd1 23. Qf1 hxg5 24. Rxd1 gxf4 25. Nh1 Be2 26. Qe1 f3 27. g3
Bxd1 28. Qxd1 Bb4 29. Qb3 Re1+ 30. Kf2 Rxh1 0-1

[Event "Open"]
[Site "Torino ITA"]
[Date "1994.??.??"]
[Round "?"]
[White "Fagone, Stellario"]
[Black "Vujovic, Milorad"]
[Result "1-0"]
[WhiteElo "1876"]
[BlackElo "2260"]
[PlyCount "49"]
[EventDate "1994.??.??"]

1. e4 c5 2. Nf3 d6 3. d4 cxd4 4. Nxd4 Nf6 5. Nc3 a6 6. Bg5 e6 7. f4 Be7 8. Qf3
Nbd7 9. O-O-O Qc7 10. g4 b5 11. Bxf6 Nxf6 12. g5 Nd7 13. a3 Rb8 14. h4 b4 15.
axb4 Rxb4 16. Bh3 Nc5 17. f5 Qb6 18. fxe6 fxe6 19. Rhf1 Rxd4 20. Rxd4 Nb3+ 21.
cxb3 Qxd4 22. Rd1 Qb4 23. e5 dxe5 24. Qc6+ Kf7 25. Rf1+ 1-0

[Event "Open"]
[Site "Torino ITA"]
[Date "1994.??.??"]
[Round "?"]
[White "Martin, Thomas"]
[Black "Drazic, Sinisa"]
[Result "0-1"]
[WhiteElo "2200"]
[BlackElo "2405"]
[PlyCount "86"]
[EventDate "1994.??.??"]

1. e4 e6 2. d3 d5 3. Nd2 Nf6 4. Ngf3 Be7 5. Be2 c5 6. O-O Nc6 7. c3 O-O 8. Re1
d4 9. Bf1 e5 10. Nc4 Nd7 11. a4 Qc7 12. a5 Re8 13. Bd2 Nf8 14. Qc2 Bg4 15. Be2
Ne6 16. h3 Bxf3 17. Bxf3 Bg5 18. g3 Bxd2 19. Qxd2 Rad8 20. Be2 h6 21. Rf1 dxc3
22. bxc3 Ng5 23. Qe3 Nxh3+ 24. Kg2 Nf4+ 25. gxf4 exf4 26. Qh3 Re6 27. Rg1 b5
28. axb6 axb6 29. Kh1 b5 30. Nd2 Ne5 31. d4 cxd4 32. cxd4 Rxd4 33. Ra8+ Rd8 34.
Rga1 Ree8 35. Rxd8 Rxd8 36. Nf3 Qc3 37. Rg1 Rd6 38. Qh5 g5 39. Nxe5 Qxe5 40.
Qg4 Rd2 41. Rc1 Kg7 42. Qh5 Qxe4+ 43. Bf3 Qe5 0-1

[Event "Open"]
[Site "Torino ITA"]
[Date "1994.??.??"]
[Round "?"]
[White "Molina, Fabrizio"]
[Black "Racioppo, Paolo"]
[WhiteElo "2195"]
[BlackElo "2126"]
[Result "1-0"]
[PlyCount "99"]
[EventDate "1994.??.??"]

1. e4 c5 2. Nc3 d6 3. f4 Nc6 4. Nf3 g6 5. Bc4 Bg7 6. d3 e6 7. O-O Nge7 8. Qe1
a6 9. a4 b6 10. Bd2 Qc7 11. f5 gxf5 12. exf5 Nxf5 13. Ng5 Ncd4 14. Qe4 Bb7 15.
Bd5 Ra7 16. Nxe6 fxe6 17. Rxf5 Nxf5 18. Qxe6+ Qe7 19. Qxf5 Bd4+ 20. Kh1 Rf8 21.
Qh5+ Kd7 22. Bg5 Qe5 23. Qxh7+ Kc8 24. Qe7 Re8 25. Qxe5 Rxe5 26. Bxb7+ Rxb7 27.
Ne4 d5 28. Nd6+ Kc7 29. Nf7 Rf5 30. Nd8 Bxb2 31. Rb1 Be5 32. Re1 Rb8 33. g4 Rf2
34. Rxe5 Rxd8 35. Bxd8+ Kxd8 36. Rxd5+ Ke7 37. a5 Ke6 38. c4 b5 39. Rxc5 b4 40.
Rc6+ Ke5 41. Rb6 Kd4 42. Rxb4 Kxd3 43. c5 Rc2 44. g5 Rxc5 45. Rg4 Ke3 46. g6
Rc1+ 47. Kg2 Rc2+ 48. Kg3 Rc1 49. g7 Rg1+ 50. Kh3 1-0

[Event "Open"]
[Site "Torino ITA"]
[Date "1994.??.??"]
[Round "?"]
[White "Moncelli, Giorgio"]
[Black "Cavallero, Eugenio"]
[WhiteElo "2011"]
[BlackElo "1788"]
[Result "0-1"]
[PlyCount "82"]
[EventDate "1994.??.??"]

1. d4 c5 2. d5 d6 3. c4 b5 4. cxb5 a6 5. e4 Nf6 6. Nc3 g6 7. Nf3 Bg7 8. a4 O-O
9. b6 Qxb6 10. a5 Qb7 11. Nd2 Bd7 12. Nc4 Bb5 13. Nb6 Bxf1 14. Kxf1 Ra7 15. Nc4
Nbd7 16. g3 Rb8 17. Kg2 Qc8 18. Qe2 Rb4 19. Na4 Qb7 20. Nab6 Nxb6 21. axb6 Ra8
22. Bd2 Rb5 23. Ra2 Nd7 24. Rha1 Nxb6 25. Na5 Qd7 26. Bc3 e6 27. Qd3 exd5 28.
exd5 Qc7 29. Nc4 Nxc4 30. Qxc4 Qb7 31. Kg1 Bxc3 32. bxc3 Rb1+ 33. Rxb1 Qxb1+
34. Kg2 a5 35. Ra4 Qd1 36. Qe4 Qb3 37. Qc4 Qxc4 38. Rxc4 a4 39. Re4 a3 40. Re1
a2 41. Ra1 Ra3 0-1

[Event "Open"]
[Site "Torino ITA"]
[Date "1994.??.??"]
[Round "?"]
[White "Moncelli, Giorgio"]
[Black "De Barberis, Massimo"]
[WhiteElo "2011"]
[BlackElo "1902"]
[Result "1-0"]
[PlyCount "65"]
[EventDate "1994.??.??"]

1. d4 Nf6 2. c4 e6 3. Nc3 c5 4. d5 exd5 5. cxd5 d6 6. e4 g6 7. f3 Bg7 8. Bg5 a6
9. a4 Nbd7 10. Nh3 h6 11. Be3 Ne5 12. Nf2 Bd7 13. Be2 g5 14. f4 gxf4 15. Bxf4
Qe7 16. O-O Ng6 17. Qd2 Nxf4 18. Qxf4 h5 19. h3 Ng4 20. Nxg4 hxg4 21. Bxg4 Be5
22. Bxd7+ Qxd7 23. Qf5 Bd4+ 24. Kh1 Qe7 25. Rf3 f6 26. Raf1 Kf7 27. e5 Qxe5 28.
Ne4 Rad8 29. Nxf6 Qxf5 30. Rxf5 Bxb2 31. Ne4+ Kg6 32. Rg5+ Kh6 33. Rf4 1-0

[Event "Open"]
[Site "Torino ITA"]
[Date "1994.??.??"]
[Round "?"]
[White "Mordiglia, Riccardo"]
[Black "Martin, Thomas"]
[Result "1-0"]
[WhiteElo "1702"]
[BlackElo "2200"]
[PlyCount "55"]
[EventDate "1994.??.??"]

1. e4 e5 2. d4 exd4 3. c3 d5 4. exd5 Qxd5 5. cxd4 Nc6 6. Nf3 Bg4 7. Be2 O-O-O
8. Nc3 Bb4 9. O-O Bxc3 10. bxc3 Na5 11. h3 Be6 12. Qa4 Bd7 13. Qa3 Nc6 14. Rb1
Qa5 15. Qb3 b6 16. d5 Nce7 17. Ne5 Be8 18. c4 f6 19. Nf3 Qa4 20. Qc3 Bg6 21.
Rb3 a5 22. Nd4 Bf7 23. Nb5 Nh6 24. Bf4 Nxd5 25. cxd5 Qxf4 26. d6 Rd7 27. Nxc7
Qe5 28. Ba6+ 1-0

[Event "Open"]
[Site "Torino ITA"]
[Date "1994.??.??"]
[Round "?"]
[White "Naumkin, Igor"]
[Black "Mrdja, Milan"]
[Result "1/2-1/2"]
[WhiteElo "2455"]
[BlackElo "2405"]
[PlyCount "95"]
[EventDate "1994.??.??"]

1. d4 Nf6 2. c4 g6 3. Nc3 Bg7 4. e4 d6 5. Nf3 O-O 6. Be2 c5 7. d5 e6 8. O-O Re8
9. h3 exd5 10. exd5 Ne4 11. Nxe4 Rxe4 12. Bd3 Re8 13. Bg5 Qb6 14. Rb1 Nd7 15.
Nd2 Ne5 16. Bc2 Qa6 17. b3 f5 18. a4 Bd7 19. Re1 Qa5 20. Nf1 a6 21. Bd2 Qc7 22.
a5 Rac8 23. Ng3 Qd8 24. Ne2 Qh4 25. Bf4 Qf6 26. Qd2 Nf7 27. Bg3 g5 28. f4 h6
29. Kh2 Re7 30. b4 cxb4 31. Rxb4 Rc7 32. Bf2 gxf4 33. Nxf4 Rxe1 34. Bxe1 Qe5
35. Bd3 Bc8 36. Bg3 Qc3 37. Qe2 Ne5 38. Rb6 Re7 39. Rxd6 Ng4+ 40. hxg4 Rxe2 41.
Rd8+ Kf7 42. Bxe2 Be5 43. Rxc8 Qe3 44. gxf5 Bxf4 45. Bf3 Qe1 46. Bxf4 Qh4+ 47.
Kg1 Qe1+ 48. Kh2 1/2-1/2

[Event "Open"]
[Site "Torino ITA"]
[Date "1994.??.??"]
[Round "?"]
[White "Nurkic, Sahbaz"]
[Black "Mo, Angelo"]
[Result "1-0"]
[WhiteElo "2435"]
[BlackElo "1864"]
[PlyCount "111"]
[EventDate "1994.??.??"]

1. e4 c5 2. Nf3 Nc6 3. Bb5 Nf6 4. e5 Nd5 5. O-O g6 6. Re1 Bg7 7. h3 O-O 8. d3
h6 9. Nbd2 Qc7 10. Nc4 a6 11. Bxc6 dxc6 12. Bd2 b6 13. Qc1 Kh7 14. Re4 g5 15.
Bxg5 hxg5 16. Qxg5 Rh8 17. Rae1 Be6 18. Rh4+ Kg8 19. Ree4 Rxh4 20. Rxh4 f6 21.
Qg6 Rf8 22. Ncd2 Qd7 23. Qh7+ Kf7 24. Qh5+ Kg8 25. g4 Nf4 26. Qh7+ Kf7 27. exf6
exf6 28. Ne4 Rh8 29. Neg5+ fxg5 30. Ne5+ Ke8 31. Qxh8+ Bxh8 32. Rxh8+ Ke7 33.
Rh7+ Kd6 34. Nxd7 Bxd7 35. Kh2 a5 36. Kg3 b5 37. h4 Ne2+ 38. Kf3 Nd4+ 39. Ke4
Bxg4 40. Rh6+ Ke7 41. hxg5 Be6 42. c3 Nf5 43. Rh7+ Kd6 44. b3 Ne7 45. Rh6 Ng8
46. Rh8 Ne7 47. Rd8+ Bd7 48. f4 Kc7 49. Rf8 Kd6 50. Rf6+ Kc7 51. c4 Be8 52. f5
Kd8 53. Rf8 Nc8 54. g6 Ke7 55. g7 Nd6+ 56. Kf4 1-0

[Event "Open"]
[Site "Torino ITA"]
[Date "1994.??.??"]
[Round "?"]
[White "Parmentola, Sergio"]
[Black "Naumkin, Igor"]
[Result "0-1"]
[WhiteElo "1866"]
[BlackElo "2455"]
[PlyCount "52"]
[EventDate "1994.??.??"]

1. d4 e6 2. e4 d5 3. Nc3 Bb4 4. e5 c5 5. a3 Bxc3+ 6. bxc3 Ne7 7. Qg4 O-O 8. Bd3
f5 9. Qh3 Qa5 10. Bd2 c4 11. Be2 Qa4 12. Kd1 Nbc6 13. Nf3 b5 14. g4 a5 15. gxf5
Nxf5 16. Rg1 Ra7 17. Ng5 h6 18. Nf3 Kh7 19. Ng5+ Kh8 20. Bh5 b4 21. Bg6 bxc3
22. Bxf5 cxd2 23. Nxe6 Bxe6 24. Bxe6 Nxd4 25. Ra2 c3 26. Bxd5 Qb5 0-1